000 00644nam a2200181Ia 4500
003 IN-BaIIA
008 211028s9999 xx s 000 0 eng d
020 _a9781510623101 (Print)
020 _a9781510623118 (Online)
040 _cIIA Library
100 _aSu, Ruidan, ed.
_941306
245 0 _a2018 International Conference on Image and Video Processing, and Artificial Intelligence
_h[eBook]
260 _aWashington, USA
_bSPIE
_c2018
300 _aOnline resource
490 _aProceedings of SPIE; V. 10836
856 _uhttps://www.spiedigitallibrary.org/conference-proceedings-of-spie/10836
_yClick Here to Access eBook
942 _cEB
999 _c22682
_d22682